WNBA Teams - Statistics

General Stats
  • This quiz has been taken 256 times
  • The average score is 10 of 13
Answer Stats
Teams: % Correct
Indiana Fever
85%
New York Liberty
85%
Chicago Sky
82%
Los Angeles Sparks
81%
Las Vegas Aces
80%
Seattle Storm
80%
Minnesota Lynx
79%
Atlanta Dream
76%
Connecticut Sun
76%
Dallas Wings
75%
Washington Mystics
74%
Phoenix Mercury
71%
Golden State Valkyries
68%
No matching quizzes found
Score Distribution
Percent of People with Each Score
Percentile by Number Answered
Your Score History
You have not taken this quiz